000 00273nam a2200109Ia 4500
008 190216s9999||||xx |||||||||||||| ||und||
100 _aNisar Ahammed Khan
245 0 _aVector Spaces Of Finite Dimensions
260 _bRamprasad&Sons
650 _aMathematics
942 _cBK
999 _c30677
_d30677